[Event "45th FIDE Chess Olympiad Open"]
[Site "Budapest, Hungary"]
[Date "2024.09.22"]
[Round "11"]
[White "Cawdery, Daniel"]
[Black "Ortiz, Marcos"]
[Result "0-1"]
[Board "184"]
[WhiteFideId "14300249"]
[BlackFideId "6100678"]
[WhiteTitle "IM"]
[WhiteElo "2356"]
[BlackElo "2191"]
[WhiteTeam "South Africa"]
[BlackTeam "Nicaragua"]
[WhiteClock "0:03:05"]
[BlackClock "0:16:30"]
[Variant "Standard"]

1. e4 {[%clk 1:30:57]}  e6 {[%clk 1:30:50]} 2. d4 {[%clk 1:30:58]}  d5 {[%clk 1:31:15]} 3. Nd2 {[%clk 1:31:18]}  c5 {[%clk 1:31:41]} 4. Ngf3 {[%clk 1:31:28]}  cxd4 {[%clk 1:31:58]} 5. Nxd4 {[%clk 1:31:45]}  Nc6 {[%clk 1:31:46]} 6. Bb5 {[%clk 1:28:36]}  Bd7 {[%clk 1:31:27]} 7. Nxc6 {[%clk 1:28:05]}  Bxc6 {[%clk 1:31:31]} 8. Bxc6+ {[%clk 1:28:25]}  bxc6 {[%clk 1:31:57]} 9. c4 {[%clk 1:28:50]}  Nf6 {[%clk 1:31:05]} 10. Qa4 {[%clk 1:28:21]}  Qd7 {[%clk 1:31:06]} 11. e5 {[%clk 1:25:10]}  Ng4 {[%clk 1:11:01]} 12. Nf3 {[%clk 1:23:24]}  Rb8 {[%clk 1:02:45]} 13. a3 {[%clk 1:19:09]}  c5 {[%clk 0:58:42]} 14. Qc2 {[%clk 0:55:04]}  Be7 {[%clk 0:58:30]} 15. cxd5 {[%clk 0:52:48]}  exd5 {[%clk 0:58:44]} 16. h3 {[%clk 0:52:59]}  Nh6 {[%clk 0:59:10]} 17. Bxh6 {[%clk 0:53:06]}  gxh6 {[%clk 0:59:36]} 18. O-O {[%clk 0:53:11]}  O-O {[%clk 0:58:12]} 19. Rad1 {[%clk 0:49:57]}  Rb6 {[%clk 0:58:29]} 20. Rd2 {[%clk 0:44:49]}  a5 {[%clk 0:47:25]} 21. Qc4 {[%clk 0:26:52]}  d4 {[%clk 0:46:23]} 22. Rc1 {[%clk 0:24:54]}  Rfb8 {[%clk 0:46:10]} 23. Rcc2 {[%clk 0:24:03]}  Qf5 {[%clk 0:41:53]} 24. Ne1 {[%clk 0:22:07]}  Rg6 {[%clk 0:26:14]} 25. Qd3 {[%clk 0:16:40]}  Qxe5 {[%clk 0:25:51]} 26. Re2 {[%clk 0:17:02]}  Qd6 {[%clk 0:25:25]} 27. Qc4 {[%clk 0:12:10]}  Qd7 {[%clk 0:23:31]} 28. Nd3 {[%clk 0:11:52]}  Bd6 {[%clk 0:22:44]} 29. Kh1 {[%clk 0:09:30]}  Qf5 {[%clk 0:20:08]} 30. f3 {[%clk 0:07:21]}  Kh8 {[%clk 0:19:00]} 31. Re4 {[%clk 0:05:32]}  Rbg8 {[%clk 0:19:21]} 32. Rg4 {[%clk 0:02:42]}  Rxg4 {[%clk 0:19:41]} 33. hxg4 {[%clk 0:02:54]}  Rxg4 {[%clk 0:20:04]} 34. Nxc5 {[%clk 0:03:05]}  Qe5 {[%clk 0:16:30]} 0-1

[Event "45th FIDE Chess Olympiad Open"]
[Site "Budapest, Hungary"]
[Date "2024.09.22"]
[Round "11"]
[White "Arab, Adlane"]
[Black "Pace, Colin"]
[Result "1-0"]
[Board "185"]
[WhiteFideId "7900872"]
[BlackFideId "5600189"]
[WhiteTitle "IM"]
[BlackTitle "CM"]
[WhiteElo "2477"]
[BlackElo "2186"]
[WhiteTeam "Algeria"]
[BlackTeam "Malta"]
[WhiteClock "1:07:26"]
[BlackClock "0:06:21"]
[Variant "Standard"]

1. d4 {[%clk 1:30:57]}  d5 {[%clk 1:30:52]} 2. c4 {[%clk 1:31:12]}  dxc4 {[%clk 1:31:15]} 3. e3 {[%clk 1:31:14]}  a6 {[%clk 1:30:43]} 4. Bxc4 {[%clk 1:31:33]}  Nf6 {[%clk 1:31:00]} 5. Nf3 {[%clk 1:31:21]}  e6 {[%clk 1:31:03]} 6. O-O {[%clk 1:31:23]}  c5 {[%clk 1:31:22]} 7. Bb3 {[%clk 1:27:52]}  Nc6 {[%clk 1:28:30]} 8. Nc3 {[%clk 1:25:46]}  cxd4 {[%clk 1:25:16]} 9. exd4 {[%clk 1:26:09]}  Be7 {[%clk 1:25:26]} 10. Re1 {[%clk 1:25:47]}  O-O {[%clk 1:24:51]} 11. Bg5 {[%clk 1:26:03]}  Nb4 {[%clk 1:07:57]} 12. Ne5 {[%clk 1:20:21]}  Nfd5 {[%clk 0:58:24]} 13. Bxe7 {[%clk 1:13:43]}  Nxe7 {[%clk 0:57:02]} 14. Qf3 {[%clk 1:14:04]}  Nbd5 {[%clk 0:50:11]} 15. Bxd5 {[%clk 1:08:24]}  Nxd5 {[%clk 0:38:49]} 16. Nxd5 {[%clk 1:08:43]}  exd5 {[%clk 0:38:22]} 17. Qb3 {[%clk 1:08:50]}  b5 {[%clk 0:32:45]} 18. Nc6 {[%clk 0:56:18]}  Qd6 {[%clk 0:17:28]} 19. Qxd5 {[%clk 0:56:37]}  Qxd5 {[%clk 0:17:24]} 20. Ne7+ {[%clk 0:57:02]}  Kh8 {[%clk 0:17:52]} 21. Nxd5 {[%clk 0:57:26]}  Be6 {[%clk 0:16:43]} 22. Ne3 {[%clk 0:51:40]}  Rfd8 {[%clk 0:16:44]} 23. Red1 {[%clk 0:51:59]}  Bd5 {[%clk 0:16:43]} 24. f3 {[%clk 0:50:18]}  Rac8 {[%clk 0:16:47]} 25. Kf2 {[%clk 0:50:22]}  f5 {[%clk 0:16:22]} 26. Kg3 {[%clk 0:48:46]}  g6 {[%clk 0:13:38]} 27. a3 {[%clk 0:44:36]}  Rc6 {[%clk 0:10:18]} 28. Rac1 {[%clk 0:43:59]}  Re6 {[%clk 0:10:02]} 29. Rd3 {[%clk 0:44:05]}  Red6 {[%clk 0:07:10]} 30. h4 {[%clk 0:44:03]}  h6 {[%clk 0:04:35]} 31. h5 {[%clk 0:43:33]}  Rf8 {[%clk 0:02:31]} 32. Nxd5 {[%clk 0:41:55]}  Rxd5 {[%clk 0:02:48]} 33. hxg6 {[%clk 0:42:19]}  f4+ {[%clk 0:03:03]} 34. Kf2 {[%clk 0:42:22]}  Kg7 {[%clk 0:02:27]} 35. Rc5 {[%clk 0:40:45]}  Rfd8 {[%clk 0:02:25]} 36. Rxd5 {[%clk 0:40:26]}  Rxd5 {[%clk 0:02:54]} 37. Rd2 {[%clk 0:40:49]}  Kxg6 {[%clk 0:02:11]} 38. Ke2 {[%clk 0:41:12]}  Rd8 {[%clk 0:01:05]} 39. Kd3 {[%clk 0:40:44]}  Kf5 {[%clk 0:00:55]} 40. Re2 {[%clk 0:40:40]}  Rg8 {[%clk 0:00:43]} 41. d5 {[%clk 1:09:21]}  Rc8 {[%clk 0:26:25]} 42. Re6 {[%clk 1:06:26]}  Rc5 {[%clk 0:25:11]} 43. Rxh6 {[%clk 1:06:51]}  Rxd5+ {[%clk 0:22:29]} 44. Kc3 {[%clk 1:07:15]}  Rc5+ {[%clk 0:18:47]} 45. Kb3 {[%clk 1:07:35]}  Ke5 {[%clk 0:09:52]} 46. Rxa6 {[%clk 1:07:53]}  Kd4 {[%clk 0:10:03]} 47. Re6 {[%clk 1:07:50]}  Rg5 {[%clk 0:07:27]} 48. Re4+ {[%clk 1:08:08]}  Kc5 {[%clk 0:07:42]} 49. Rxf4 {[%clk 1:08:24]}  Rxg2 {[%clk 0:08:06]} 50. Kc3 {[%clk 1:08:28]}  Re2 {[%clk 0:07:57]} 51. Rf5+ {[%clk 1:08:51]}  Kc6 {[%clk 0:08:12]} 52. b3 {[%clk 1:09:11]}  Re3+ {[%clk 0:06:20]} 53. Kb4 {[%clk 1:09:30]}  Rd3 {[%clk 0:06:32]} 54. Rc5+ {[%clk 1:07:02]}  Kd6 {[%clk 0:06:21]} 55. Rxb5 {[%clk 1:07:26]} 1-0

[Event "45th FIDE Chess Olympiad Open"]
[Site "Budapest, Hungary"]
[Date "2024.09.22"]
[Round "11"]
[White "Novak, Attila Robert"]
[Black "Djabri, Massinas"]
[Result "0-1"]
[Board "186"]
[WhiteFideId "727067"]
[BlackFideId "7905726"]
[BlackTitle "FM"]
[WhiteElo "2135"]
[BlackElo "2280"]
[WhiteTeam "Malta"]
[BlackTeam "Algeria"]
[WhiteClock "0:18:46"]
[BlackClock "0:50:57"]
[Variant "Standard"]

1. d4 {[%clk 1:30:57]}  Nf6 {[%clk 1:30:14]} 2. Nf3 {[%clk 1:31:22]}  g6 {[%clk 1:30:22]} 3. c4 {[%clk 1:31:47]}  Bg7 {[%clk 1:30:47]} 4. g3 {[%clk 1:32:12]}  O-O {[%clk 1:31:10]} 5. Bg2 {[%clk 1:32:38]}  d6 {[%clk 1:31:23]} 6. Nc3 {[%clk 1:33:00]}  Nc6 {[%clk 1:31:21]} 7. O-O {[%clk 1:33:22]}  Bg4 {[%clk 1:31:16]} 8. d5 {[%clk 1:33:45]}  Na5 {[%clk 1:26:46]} 9. b3 {[%clk 1:34:01]}  c6 {[%clk 1:24:13]} 10. Bd2 {[%clk 1:32:04]}  cxd5 {[%clk 1:19:46]} 11. cxd5 {[%clk 1:32:12]}  Rc8 {[%clk 1:15:48]} 12. Rc1 {[%clk 1:28:38]}  Nd7 {[%clk 1:12:34]} 13. h3 {[%clk 1:26:19]}  Bxf3 {[%clk 1:12:59]} 14. Bxf3 {[%clk 1:26:31]}  a6 {[%clk 1:01:12]} 15. Ne4 {[%clk 1:21:15]}  b6 {[%clk 1:01:13]} 16. Bxa5 {[%clk 1:12:11]}  bxa5 {[%clk 1:01:37]} 17. Qd2 {[%clk 1:06:53]}  Rxc1 {[%clk 0:48:18]} 18. Rxc1 {[%clk 1:06:51]}  Ne5 {[%clk 0:48:42]} 19. Bg2 {[%clk 1:05:22]}  Qb6 {[%clk 0:48:51]} 20. e3 {[%clk 1:03:18]}  h6 {[%clk 0:43:03]} 21. f4 {[%clk 0:58:22]}  Nd7 {[%clk 0:43:26]} 22. Rc6 {[%clk 0:57:04]}  Qa7 {[%clk 0:43:33]} 23. Qc1 {[%clk 0:53:36]}  Nb6 {[%clk 0:42:36]} 24. Nd2 {[%clk 0:45:25]}  Nd7 {[%clk 0:36:02]} 25. Kf2 {[%clk 0:40:22]}  Nc5 {[%clk 0:35:38]} 26. Qc4 {[%clk 0:40:30]}  f5 {[%clk 0:29:46]} 27. a3 {[%clk 0:37:07]}  Rb8 {[%clk 0:30:04]} 28. b4 {[%clk 0:35:49]}  axb4 {[%clk 0:30:26]} 29. a4 {[%clk 0:17:53]}  b3 {[%clk 0:29:34]} 30. Bf1 {[%clk 0:17:43]}  b2 {[%clk 0:29:28]} 31. Nb1 {[%clk 0:14:37]}  Qb7 {[%clk 0:26:51]} 32. Kf3 {[%clk 0:09:54]}  Qb3 {[%clk 0:23:09]} 33. Rxc5 {[%clk 0:03:10]}  dxc5 {[%clk 0:23:21]} 34. d6+ {[%clk 0:03:17]}  Qxc4 {[%clk 0:22:36]} 35. Bxc4+ {[%clk 0:03:43]}  e6 {[%clk 0:22:24]} 36. Bxa6 {[%clk 0:02:18]}  Rd8 {[%clk 0:22:39]} 37. Bc4 {[%clk 0:02:06]}  Rxd6 {[%clk 0:22:39]} 38. Ke2 {[%clk 0:02:12]}  Kf7 {[%clk 0:21:09]} 39. a5 {[%clk 0:00:51]}  Ke7 {[%clk 0:21:17]} 40. a6 {[%clk 0:00:55]}  Rd8 {[%clk 0:20:49]} 41. Bb5 {[%clk 0:27:33]}  Kd6 {[%clk 0:51:03]} 42. Kd2 {[%clk 0:27:28]}  e5 {[%clk 0:49:49]} 43. Kc2 {[%clk 0:26:44]}  exf4 {[%clk 0:50:08]} 44. exf4 {[%clk 0:26:58]}  Kc7 {[%clk 0:50:24]} 45. Be2 {[%clk 0:26:13]}  Kb6 {[%clk 0:50:00]} 46. Na3 {[%clk 0:24:26]}  Re8 {[%clk 0:50:08]} 47. Bd3 {[%clk 0:24:02]}  Re1 {[%clk 0:49:45]} 48. Nc4+ {[%clk 0:20:43]}  Ka7 {[%clk 0:50:05]} 49. Nxb2 {[%clk 0:18:22]}  Bxb2 {[%clk 0:50:30]} 50. Kxb2 {[%clk 0:18:46]}  Re3 {[%clk 0:50:57]} 0-1

[Event "45th FIDE Chess Olympiad Open"]
[Site "Budapest, Hungary"]
[Date "2024.09.22"]
[Round "11"]
[White "Boulrens, Ala Eddine"]
[Black "Mizzi, Jack"]
[Result "1/2-1/2"]
[Board "187"]
[WhiteFideId "7907559"]
[BlackFideId "5602521"]
[BlackTitle "CM"]
[WhiteElo "2137"]
[BlackElo "2053"]
[WhiteTeam "Algeria"]
[BlackTeam "Malta"]
[WhiteClock "0:17:50"]
[BlackClock "0:41:50"]
[Variant "Standard"]

1. e4 {[%clk 1:30:59]}  e5 {[%clk 1:30:42]} 2. Bc4 {[%clk 1:31:08]}  Nf6 {[%clk 1:30:33]} 3. d3 {[%clk 1:31:28]}  Nc6 {[%clk 1:30:12]} 4. Nc3 {[%clk 1:31:23]}  Na5 {[%clk 1:24:15]} 5. Bb3 {[%clk 1:29:00]}  Nxb3 {[%clk 1:24:22]} 6. axb3 {[%clk 1:29:29]}  Bb4 {[%clk 1:21:32]} 7. Bg5 {[%clk 1:27:35]}  h6 {[%clk 1:21:20]} 8. Bh4 {[%clk 1:27:36]}  g5 {[%clk 1:20:57]} 9. Bg3 {[%clk 1:28:01]}  Qe7 {[%clk 1:20:27]} 10. Nge2 {[%clk 1:26:36]}  c6 {[%clk 1:11:25]} 11. h4 {[%clk 1:21:52]}  Rg8 {[%clk 1:07:15]} 12. hxg5 {[%clk 1:19:22]}  hxg5 {[%clk 1:07:39]} 13. Kf1 {[%clk 1:12:13]}  d6 {[%clk 1:03:31]} 14. d4 {[%clk 1:08:28]}  Bd7 {[%clk 1:01:46]} 15. Qd3 {[%clk 1:06:00]}  Bxc3 {[%clk 0:54:26]} 16. Nxc3 {[%clk 1:04:23]}  Kf8 {[%clk 0:50:27]} 17. f3 {[%clk 0:53:12]}  Kg7 {[%clk 0:44:26]} 18. dxe5 {[%clk 0:52:16]}  dxe5 {[%clk 0:44:50]} 19. Qe3 {[%clk 0:52:40]}  Kg6 {[%clk 0:45:07]} 20. Rxa7 {[%clk 0:51:46]}  Nh5 {[%clk 0:44:02]} 21. Be1 {[%clk 0:48:03]}  Rxa7 {[%clk 0:41:29]} 22. Qxa7 {[%clk 0:48:24]}  g4 {[%clk 0:40:55]} 23. Qe3 {[%clk 0:46:51]}  f5 {[%clk 0:38:18]} 24. exf5+ {[%clk 0:43:59]}  Bxf5 {[%clk 0:38:40]} 25. Bh4 {[%clk 0:44:06]}  Qh7 {[%clk 0:37:03]} 26. Qxe5 {[%clk 0:31:25]}  Qh6 {[%clk 0:31:37]} 27. Ne4 {[%clk 0:23:10]}  Qf4 {[%clk 0:29:20]} 28. Qxf4 {[%clk 0:20:42]}  Nxf4 {[%clk 0:29:44]} 29. Bg3 {[%clk 0:19:44]}  Bxe4 {[%clk 0:29:31]} 30. fxe4 {[%clk 0:17:42]}  Nh5 {[%clk 0:27:55]} 31. Bc7 {[%clk 0:09:38]}  Re8 {[%clk 0:27:21]} 32. Kf2 {[%clk 0:06:59]}  Rxe4 {[%clk 0:26:56]} 33. Rd1 {[%clk 0:04:18]}  Re7 {[%clk 0:25:50]} 34. Bb6 {[%clk 0:03:48]}  Rf7+ {[%clk 0:25:27]} 35. Kg1 {[%clk 0:02:53]}  g3 {[%clk 0:21:05]} 36. Be3 {[%clk 0:01:59]}  Re7 {[%clk 0:21:23]} 37. Re1 {[%clk 0:01:42]}  Re4 {[%clk 0:19:55]} 38. Kf1 {[%clk 0:00:47]}  Kf5 {[%clk 0:18:32]} 39. Ke2 {[%clk 0:00:45]}  Kg4 {[%clk 0:18:35]} 40. Rf1 {[%clk 0:00:55]}  Re8 {[%clk 0:17:11]} 41. Rf7 {[%clk 0:00:41]}  b5 {[%clk 0:16:22]} 42. b4 {[%clk 0:29:37]}  Ra8 {[%clk 0:46:21]} 43. b3 {[%clk 0:25:37]}  Rd8 {[%clk 0:46:00]} 44. Rf3 {[%clk 0:24:11]}  Rd6 {[%clk 0:41:21]} 45. Rf8 {[%clk 0:23:53]}  Nf6 {[%clk 0:41:47]} 46. c4 {[%clk 0:21:44]}  Re6 {[%clk 0:41:38]} 47. Kd3 {[%clk 0:21:41]}  Rd6+ {[%clk 0:41:14]} 48. Bd4 {[%clk 0:21:51]}  Nd7 {[%clk 0:41:20]} 49. Rf1 {[%clk 0:20:19]}  c5 {[%clk 0:40:43]} 50. bxc5 {[%clk 0:18:24]}  Nxc5+ {[%clk 0:41:04]} 51. Kc3 {[%clk 0:17:37]}  Ne4+ {[%clk 0:41:27]} 52. Kd3 {[%clk 0:17:50]}  Nc5+ {[%clk 0:41:50]} 1/2-1/2

[Event "45th FIDE Chess Olympiad Open"]
[Site "Budapest, Hungary"]
[Date "2024.09.22"]
[Round "11"]
[White "Zerafa, Patrick"]
[Black "Bengherabi, Khalil"]
[Result "1/2-1/2"]
[Board "188"]
[WhiteFideId "5600375"]
[BlackFideId "7900325"]
[WhiteTitle "CM"]
[BlackTitle "FM"]
[WhiteElo "1986"]
[BlackElo "2076"]
[WhiteTeam "Malta"]
[BlackTeam "Algeria"]
[WhiteClock "0:38:45"]
[BlackClock "0:00:42"]
[Variant "Standard"]

1. Nf3 {[%clk 1:30:57]}  d5 {[%clk 1:30:55]} 2. e3 {[%clk 1:31:12]}  Nf6 {[%clk 1:31:19]} 3. c4 {[%clk 1:31:34]}  e6 {[%clk 1:31:44]} 4. b3 {[%clk 1:31:45]}  Be7 {[%clk 1:32:04]} 5. Bb2 {[%clk 1:31:52]}  O-O {[%clk 1:32:28]} 6. Nc3 {[%clk 1:31:38]}  dxc4 {[%clk 1:32:38]} 7. bxc4 {[%clk 1:31:23]}  c5 {[%clk 1:32:03]} 8. g3 {[%clk 1:24:39]}  Nc6 {[%clk 1:23:49]} 9. Be2 {[%clk 1:22:05]}  b6 {[%clk 1:18:15]} 10. O-O {[%clk 1:21:09]}  Bb7 {[%clk 1:18:40]} 11. d3 {[%clk 1:17:42]}  Rc8 {[%clk 1:16:41]} 12. Ne1 {[%clk 1:14:48]}  Ne8 {[%clk 1:01:17]} 13. Bf3 {[%clk 1:13:04]}  Qc7 {[%clk 0:55:44]} 14. Qe2 {[%clk 1:12:05]}  Bf6 {[%clk 0:51:55]} 15. Rd1 {[%clk 1:11:38]}  Rd8 {[%clk 0:44:21]} 16. Bg2 {[%clk 1:10:07]}  Rd7 {[%clk 0:35:46]} 17. f4 {[%clk 1:05:34]}  Qd8 {[%clk 0:35:57]} 18. f5 {[%clk 1:00:41]}  Nd6 {[%clk 0:30:27]} 19. fxe6 {[%clk 1:00:27]}  fxe6 {[%clk 0:30:52]} 20. Bh3 {[%clk 1:00:19]}  Qe7 {[%clk 0:28:50]} 21. Ng2 {[%clk 0:57:05]}  Rdd8 {[%clk 0:23:03]} 22. Nb5 {[%clk 0:48:43]}  Nxb5 {[%clk 0:12:43]} 23. cxb5 {[%clk 0:46:41]}  Nb4 {[%clk 0:11:47]} 24. Bxf6 {[%clk 0:46:03]}  Rxf6 {[%clk 0:12:05]} 25. e4 {[%clk 0:40:11]}  Rxf1+ {[%clk 0:11:35]} 26. Kxf1 {[%clk 0:39:14]}  Qf6+ {[%clk 0:11:40]} 27. Kg1 {[%clk 0:38:25]}  Qd4+ {[%clk 0:11:42]} 28. Ne3 {[%clk 0:37:08]}  Nxd3 {[%clk 0:07:41]} 29. Bxe6+ {[%clk 0:36:51]}  Kh8 {[%clk 0:08:07]} 30. Bd5 {[%clk 0:37:12]}  Bxd5 {[%clk 0:07:42]} 31. Qxd3 {[%clk 0:37:11]}  Bxa2 {[%clk 0:00:56]} 32. Qa3 {[%clk 0:37:33]}  Qxd1+ {[%clk 0:01:17]} 33. Nxd1 {[%clk 0:37:44]}  Rxd1+ {[%clk 0:01:41]} 34. Kf2 {[%clk 0:38:04]}  Bg8 {[%clk 0:01:51]} 35. Qxa7 {[%clk 0:38:12]}  Rd6 {[%clk 0:01:29]} 36. Qc7 {[%clk 0:38:09]}  Rf6+ {[%clk 0:00:38]} 37. Ke3 {[%clk 0:38:32]}  h6 {[%clk 0:00:42]} 38. h3 {[%clk 0:38:45]} 1/2-1/2

[Event "45th FIDE Chess Olympiad Open"]
[Site "Budapest, Hungary"]
[Date "2024.09.22"]
[Round "11"]
[White "Michaelides, Konstantinos"]
[Black "Miguel, Sergio"]
[Result "1-0"]
[Board "189"]
[WhiteFideId "5901871"]
[BlackFideId "10100792"]
[WhiteTitle "FM"]
[BlackTitle "FM"]
[WhiteElo "2297"]
[BlackElo "2241"]
[WhiteTeam "Cyprus"]
[BlackTeam "Angola"]
[WhiteClock "0:00:55"]
[BlackClock "0:00:38"]
[Variant "Standard"]

1. d4 {[%clk 1:30:47]}  d5 {[%clk 1:29:57]} 2. c4 {[%clk 1:30:44]}  e6 {[%clk 1:30:00]} 3. Nf3 {[%clk 1:30:34]}  Nf6 {[%clk 1:30:07]} 4. g3 {[%clk 1:30:42]}  Bb4+ {[%clk 1:29:47]} 5. Bd2 {[%clk 1:30:51]}  Be7 {[%clk 1:30:01]} 6. Bg2 {[%clk 1:31:04]}  O-O {[%clk 1:30:15]} 7. O-O {[%clk 1:30:53]}  c6 {[%clk 1:25:43]} 8. Qc2 {[%clk 1:30:47]}  Ne4 {[%clk 1:22:57]} 9. Be3 {[%clk 1:22:23]}  Nd7 {[%clk 1:22:10]} 10. Nbd2 {[%clk 1:19:39]}  Nd6 {[%clk 1:19:53]} 11. Bf4 {[%clk 1:14:33]}  f5 {[%clk 1:18:33]} 12. Ne1 {[%clk 1:10:46]}  g5 {[%clk 1:16:53]} 13. Bxd6 {[%clk 1:06:53]}  Bxd6 {[%clk 1:17:20]} 14. Nd3 {[%clk 1:07:11]}  Nf6 {[%clk 1:10:17]} 15. Nf3 {[%clk 1:05:51]}  Nd7 {[%clk 1:05:06]} 16. Rad1 {[%clk 0:54:59]}  Qe7 {[%clk 0:56:10]} 17. c5 {[%clk 0:45:50]}  Bc7 {[%clk 0:56:02]} 18. Nfe5 {[%clk 0:46:06]}  Nxe5 {[%clk 0:54:55]} 19. Nxe5 {[%clk 0:46:18]}  Bd7 {[%clk 0:51:18]} 20. f4 {[%clk 0:43:33]}  Bxe5 {[%clk 0:45:47]} 21. dxe5 {[%clk 0:42:05]}  b6 {[%clk 0:40:14]} 22. Rc1 {[%clk 0:39:25]}  b5 {[%clk 0:36:02]} 23. fxg5 {[%clk 0:27:41]}  Qxg5 {[%clk 0:35:52]} 24. Rf4 {[%clk 0:28:02]}  a5 {[%clk 0:34:07]} 25. Bf3 {[%clk 0:27:07]}  Be8 {[%clk 0:27:14]} 26. Qd2 {[%clk 0:26:56]}  Qg7 {[%clk 0:23:15]} 27. Qd4 {[%clk 0:26:31]}  Bg6 {[%clk 0:21:24]} 28. Rf1 {[%clk 0:25:31]}  Ra7 {[%clk 0:15:40]} 29. Kf2 {[%clk 0:25:23]}  Rb7 {[%clk 0:13:12]} 30. Ke1 {[%clk 0:24:52]}  Qe7 {[%clk 0:12:28]} 31. e3 {[%clk 0:22:40]}  Qg5 {[%clk 0:11:18]} 32. Kd2 {[%clk 0:18:24]}  h5 {[%clk 0:08:17]} 33. Rf2 {[%clk 0:16:33]}  Rg7 {[%clk 0:07:56]} 34. Qc3 {[%clk 0:15:06]}  Qe7 {[%clk 0:06:38]} 35. Be2 {[%clk 0:13:58]}  Rh7 {[%clk 0:05:44]} 36. Qd4 {[%clk 0:12:59]}  a4 {[%clk 0:05:21]} 37. Bd3 {[%clk 0:08:43]}  Rg7 {[%clk 0:03:42]} 38. Kc3 {[%clk 0:05:53]}  Bf7 {[%clk 0:03:02]} 39. Be2 {[%clk 0:04:14]}  Rb8 {[%clk 0:02:44]} 40. Rh4 {[%clk 0:01:59]}  Rg5 {[%clk 0:02:04]} 41. Kd2 {[%clk 0:01:16]}  Kf8 {[%clk 0:29:36]} 42. Qf4 {[%clk 0:28:52]}  Ke8 {[%clk 0:28:28]} 43. Qd4 {[%clk 0:24:56]}  Bg6 {[%clk 0:27:11]} 44. Rhf4 {[%clk 0:24:07]}  Bf7 {[%clk 0:25:36]} 45. Qb4 {[%clk 0:23:17]}  Qc7 {[%clk 0:25:22]} 46. Qc3 {[%clk 0:23:25]}  Ra8 {[%clk 0:24:12]} 47. Rf1 {[%clk 0:22:21]}  Rg7 {[%clk 0:21:09]} 48. Rg1 {[%clk 0:20:14]}  Rg5 {[%clk 0:11:03]} 49. Rh4 {[%clk 0:18:29]}  Qe7 {[%clk 0:10:21]} 50. Rc1 {[%clk 0:14:22]}  Ra7 {[%clk 0:08:59]} 51. Qb4 {[%clk 0:12:52]}  Qd8 {[%clk 0:08:27]} 52. Rc3 {[%clk 0:12:50]}  Kf8 {[%clk 0:07:15]} 53. Ra3 {[%clk 0:09:49]}  Qc7 {[%clk 0:06:55]} 54. Qf4 {[%clk 0:08:53]}  Qe7 {[%clk 0:06:07]} 55. Rc3 {[%clk 0:05:02]}  Ke8 {[%clk 0:05:18]} 56. Qd4 {[%clk 0:04:29]}  Kf8 {[%clk 0:04:56]} 57. a3 {[%clk 0:03:47]}  Ke8 {[%clk 0:04:41]} 58. Rc1 {[%clk 0:03:13]}  Ra8 {[%clk 0:04:04]} 59. Rb1 {[%clk 0:03:15]}  Qd8 {[%clk 0:03:06]} 60. Qc3 {[%clk 0:02:41]}  Ra7 {[%clk 0:01:40]} 61. b3 {[%clk 0:01:59]}  axb3 {[%clk 0:01:05]} 62. Rxb3 {[%clk 0:02:28]}  Kf8 {[%clk 0:00:45]} 63. Bd1 {[%clk 0:00:42]}  Qa8 {[%clk 0:00:53]} 64. Qb2 {[%clk 0:00:34]}  Be8 {[%clk 0:00:46]} 65. Be2 {[%clk 0:00:36]}  Ra4 {[%clk 0:00:46]} 66. Rxa4 {[%clk 0:00:40]}  Qxa4 {[%clk 0:01:15]} 67. Rb4 {[%clk 0:01:03]}  Qa5 {[%clk 0:01:40]} 68. Qc3 {[%clk 0:00:56]}  Rg7 {[%clk 0:02:06]} 69. Kc2 {[%clk 0:00:51]}  Ra7 {[%clk 0:02:05]} 70. Kb2 {[%clk 0:01:20]}  Qd8 {[%clk 0:02:16]} 71. Qd4 {[%clk 0:01:29]}  Qg5 {[%clk 0:02:17]} 72. Qf4 {[%clk 0:01:26]}  Qe7 {[%clk 0:01:26]} 73. Qh6+ {[%clk 0:00:39]}  Kg8 {[%clk 0:01:10]} 74. Bxh5 {[%clk 0:01:01]}  Bxh5 {[%clk 0:01:24]} 75. Qxh5 {[%clk 0:01:30]}  Qxc5 {[%clk 0:01:22]} 76. Qg6+ {[%clk 0:01:43]}  Kf8 {[%clk 0:01:39]} 77. Qf6+ {[%clk 0:01:42]}  Ke8 {[%clk 0:01:07]} 78. Qxe6+ {[%clk 0:02:01]}  Kd8 {[%clk 0:01:12]} 79. Rb3 {[%clk 0:00:52]}  Qc4 {[%clk 0:00:32]} 80. Qd6+ {[%clk 0:00:43]}  Kc8 {[%clk 0:00:38]} 81. Rc3 {[%clk 0:00:55]} 1-0

[Event "45th FIDE Chess Olympiad Open"]
[Site "Budapest, Hungary"]
[Date "2024.09.22"]
[Round "11"]
[White "Silva, David"]
[Black "Isaakidis, Alexandros"]
[Result "0-1"]
[Board "190"]
[WhiteFideId "10101314"]
[BlackFideId "5903076"]
[WhiteTitle "IM"]
[WhiteElo "2363"]
[BlackElo "2155"]
[WhiteTeam "Angola"]
[BlackTeam "Cyprus"]
[WhiteClock "0:17:38"]
[BlackClock "0:01:46"]
[Variant "Standard"]

1. e4 {[%clk 1:30:09]}  c6 {[%clk 1:30:47]} 2. Nf3 {[%clk 1:29:41]}  d5 {[%clk 1:31:08]} 3. Nc3 {[%clk 1:29:58]}  dxe4 {[%clk 1:31:30]} 4. Nxe4 {[%clk 1:30:16]}  Nf6 {[%clk 1:31:56]} 5. Qe2 {[%clk 1:30:30]}  Na6 {[%clk 1:32:17]} 6. Nxf6+ {[%clk 1:29:37]}  gxf6 {[%clk 1:32:38]} 7. d4 {[%clk 1:29:49]}  Qd5 {[%clk 1:29:01]} 8. c4 {[%clk 1:25:15]}  Qh5 {[%clk 1:27:37]} 9. a3 {[%clk 1:24:05]}  Bg4 {[%clk 1:26:06]} 10. Be3 {[%clk 1:21:16]}  e6 {[%clk 1:23:39]} 11. O-O-O {[%clk 1:20:20]}  Qa5 {[%clk 1:16:43]} 12. Qc2 {[%clk 1:19:46]}  Bf5 {[%clk 1:07:38]} 13. Qb3 {[%clk 1:19:07]}  Be4 {[%clk 0:21:49]} 14. Bd3 {[%clk 1:05:45]}  Bxd3 {[%clk 0:19:28]} 15. Qxb7 {[%clk 1:05:10]}  Rb8 {[%clk 0:14:24]} 16. Qxc6+ {[%clk 1:05:10]}  Kd8 {[%clk 0:14:27]} 17. Ne5 {[%clk 1:01:36]}  fxe5 {[%clk 0:11:35]} 18. dxe5 {[%clk 1:01:55]}  Rb3 {[%clk 0:10:09]} 19. Qa8+ {[%clk 0:38:50]}  Kc7 {[%clk 0:06:58]} 20. Rxd3 {[%clk 0:38:58]}  Bc5 {[%clk 0:03:54]} 21. Rd7+ {[%clk 0:37:38]}  Kxd7 {[%clk 0:04:07]} 22. Rd1+ {[%clk 0:37:58]}  Kc7 {[%clk 0:03:00]} 23. Qxh8 {[%clk 0:38:18]}  Bxe3+ {[%clk 0:01:30]} 24. fxe3 {[%clk 0:38:19]}  Kb7 {[%clk 0:01:16]} 25. Qf6 {[%clk 0:35:47]}  Qc7 {[%clk 0:00:45]} 26. Qf3+ {[%clk 0:32:44]}  Kb8 {[%clk 0:01:14]} 27. Rd4 {[%clk 0:33:09]}  Qxe5 {[%clk 0:02:16]} 28. Qxf7 {[%clk 0:29:23]}  Qxe3+ {[%clk 0:02:37]} 29. Rd2 {[%clk 0:29:47]}  Nc5 {[%clk 0:01:22]} 30. Qg8+ {[%clk 0:27:26]}  Kb7 {[%clk 0:01:42]} 31. Qxh7+ {[%clk 0:27:42]}  Kb6 {[%clk 0:01:45]} 32. Qg8 {[%clk 0:17:38]}  Rd3 {[%clk 0:01:46]} 0-1